| 000 | 00373nam a2200145Ia 4500 | ||
|---|---|---|---|
| 008 | 240624s9999 xx 000 0 und d | ||
| 041 | _aeng | ||
| 082 | _a330 TRU | ||
| 100 | _aTRUETT LILA J | ||
| 245 | _aMANAGERIAL ECONOMICS ANALYSIS PROBLEM CA | ||
| 250 | _a(8th ed.) | ||
| 260 |
_c2007 _aNew Delhi _bWiley India |
||
| 300 | _axxvi, , 742 , 25 , p. , cm. | ||
| 365 |
_c _b30 |
||
| 999 |
_c6808 _d6808 |
||